00242nam a2200085Ia 4500008004100000082001500041100003600056245005400092300001000146210430s9999 xx 000 0 und d a297 R6271F aMuhammad Ilyas Atta Qadri Rizvi aFezan-e-Ramzan /cMuhammad Ilyas Atta Qadri Rizvi a693p.